TECHNOLOGIES for wood tracking : verifying and monitoring the chain of custody and legal compliance in the timber industry

Bibliographic Details
Other Authors: Dykstra
Format: Book
Published: Washington, D.C. : The World Bank , 2003
Series:Environment and social development East Asia and Pacific region discussion paper
Subjects:

MARC

LEADER 00000cam a2200000 7i4500
001 0000003038
005 20040409.0
090 0 0 |a 634.98   |b TEC 2003 
245 0 0 |a TECHNOLOGIES for wood tracking :   |b verifying and monitoring the chain of custody and legal compliance in the timber industry   |c Dennis P. Dykstra ... (et al.) 
260 0 0 |a Washington, D.C. :   |b The World Bank ,   |c 2003 
300 |a ix, 68 p. ;   |c 27 cm. 
440 0 0 |a Environment and social development East Asia and Pacific region discussion paper 
650 0 0 |a Forest management 
650 0 0 |a Logging 
700 0 1 |a Dykstra   |h Dennis P. 
998 |a JPSM 
999 |a 0000005364   |b Monograph   |c Open Shelf   |e Default branch